| 000 -LEADER |
| fixed length control field |
00533nam a2200193Ia 4500 |
| 001 - CONTROL NUMBER |
| control field |
8574 |
| 003 - CONTROL NUMBER IDENTIFIER |
| control field |
GE_BSU |
| 008 - FIXED-LENGTH DATA ELEMENTS--GENERAL INFORMATION |
| fixed length control field |
181216s||||||||xx |||||||||||||| ||und|| |
| 040 ## - CATALOGING SOURCE |
| Transcribing agency |
GE_BSU |
| 245 ## - TITLE STATEMENT |
| Title |
Новая и новейшая история. №6 2013. |
| 245 ## - TITLE STATEMENT |
| Remainder of title |
Ноябрь-декабрь |
| 245 ## - TITLE STATEMENT |
| Statement of responsibility, etc. |
ред. Г. Г. Акимова и др. |
| 260 ## - PUBLICATION, DISTRIBUTION, ETC. |
| Place of publication, distribution, etc. |
Москва |
| 260 ## - PUBLICATION, DISTRIBUTION, ETC. |
| Name of publisher, distributor, etc. |
Наука |
| 260 ## - PUBLICATION, DISTRIBUTION, ETC. |
| Date of publication, distribution, etc. |
2013 |
| 300 ## - PHYSICAL DESCRIPTION |
| Extent |
224стр.24см. |
| 653 ## - INDEX TERM--UNCONTROLLED |
| Uncontrolled term |
Новая и новейшая история |
| 942 ## - ADDED ENTRY ELEMENTS (KOHA) |
| Koha item type |
პერიოდიკა |